01127nam a2200193Ia 4500001001100000003001000011008004100021040002500062041001300087100001500100245004400115250001100159260007700170300001200247500026200259501011400521520026200635650003600897L200-54103IT-CnALBA170116s9999||||xx |||||||||||||| ||und|| aIT-CnALBAcIT-CnALBA aITALIANO aSCHAYA LEO 0aL'UOMO E L'ASSOLUTO SECONDO LA CABALA.  a2a ed. aMILANObRUSCONI, EDITORE c1999 [1° Ed.:1971 - Ed.Ling.Originale: 1971] a258 p.  aPROBLEMI ATTUALI, SPIRITUALITÀ. TORAH E CABALA. LA CONTEMPLAZIONE DEGLI ASPETTI DI DIO. CREAZIONE, SIMBOLO DI DIO. LA GERARCHIA DELLE SEPHIROTH. IL REGNO DEI CIELI. IL MONDO CORPOREO E L'ABISSO COSMICO. IL MISTWERO DELL'UOMO. IL RITORNO DELL'UNO. IL GRAND aSocietà San Paolo EM - Piazza San Paolo, 14 - 12051 ALBA (CN) (non commercial uses only) ® Copyright 2017 aPROBLEMI ATTUALI, SPIRITUALITÀ. TORAH E CABALA. LA CONTEMPLAZIONE DEGLI ASPETTI DI DIO. CREAZIONE, SIMBOLO DI DIO. LA GERARCHIA DELLE SEPHIROTH. IL REGNO DEI CIELI. IL MONDO CORPOREO E L'ABISSO COSMICO. IL MISTWERO DELL'UOMO. IL RITORNO DELL'UNO. IL GRAND aRELIGIONE - RELIGIONE CRISTIANA